MLB 40 Best Batting Averages 2017 - Statistics

General Stats
  • This quiz has been taken 19 times
  • The average score is 23 of 40
Answer Stats
The Team and Average Player % Correct
Giants .320 Buster Posey
100%
Rockies .331 Charlie Blackmon
100%
White Sox .304 Jose Abreu
100%
Astros .346 Jose Altuve
100%
Angels .306 Mike Trout
100%
Diamondbacks .297 Paul Goldschmidt
100%
Reds .320 Joey Votto
90%
Cubs .295 Kris Bryant
90%
Rockies .309 Nolan Arenado
90%
Braves .307 Freddie Freeman
80%
Dodgers .322 Justin Turner
80%
Mariners .288 Nelson Cruz
80%
Nationals .322 Daniel Murphy
70%
Marlins .308 Dee Gordon
70%
Royals .318 Eric Hosmer
70%
Indians .318 Jose Ramirez
70%
Marlins .312 Marcell Ozuna
70%
Astros .303 Marwin Gonzalez
70%
Nationals .303 Ryan Zimmerman
70%
Nationals .301 Anthony Rendon
60%
Dodgers .295 Corey Seager
60%
Royals .300 Lorenzo Cain
60%
Astros .299 Yuli Gurriel
60%
Twins .305 Joe Mauer
50%
Astros .314 Josh Reddick
50%
Royals .288 Whit Merrifield
50%
Phillies .294 Cesar Hernandez
40%
Dodgers .288 Chris Taylor
40%
Rockies .310 DJ LeMahieu
40%
Twins .290 Eddie Rosario
40%
Orioles .293 Jonathan Schoop
30%
Cardinals .306 Tommy Pham
30%
Rangers .297 Elvis Andrus
20%
Braves .304 Ender Inciarte
20%
Mariners .300 Jean Segura
20%
Giants .288 Joe Panik
20%
White Sox .330 Avisail Garcia
10%
Diamondbacks .293 David Peralta
10%
Reds .297 Zack Cozart
10%
Orioles .293 Trey Mancini
0%
No matching quizzes found
Score Distribution
Percent of People with Each Score
Percentile by Number Answered
Your Score History
You have not taken this quiz